ICarly trivia Quiz Stats

 Plays Quiz not verified by Sporcle

Score 0/21 Timer 10:00
0 Plays Today
question answer % Correct
what nationality is miss Briggs?scottish
61.4%
how old was carly when she last used the inhaler?seven
56.7%
what color was the shirt Carly gave Sam?blue
54.7%
what were the chicks named after?eggs
45.3%
what was on Spencer and Freddie's sign after the technical difficulties occured?pee on carl
42.2%
what class did Freddie know Jonah from?french
42.2%
what was freddie's girlfriend's name?valerie
35.8%
what did carly buy for spencer?motorcycle
33.3%
what did Carly say she wanted for the show?fladoodles
30.5%
what was Spencer's idol's name?harry joiner
30.2%
what did sam think Nevel called carly?a fat flower
22.5%
question answer % Correct
what was the cereal called?randy-o's
22.1%
what did the delivery guy call carly?shay, carly
19.2%
what security came into Carly's house?csa
17%
what was the history teachers name?miss ackerman
15%
what song was played on icarly?our time now
13.7%
How many people watched the video on SplashFace?27,000
13%
what was the last line of the episode?it was strictly nasal
5.7%
what was the woman who forgot to turn on her hearing aid's name?mrs. halberstat
3.8%
what was the gas called?zenite
2.9%
what did sam say to reuben at the end?i'm sitting here eating cheesecake with an australian eskimo who's got ointment all over his bumbleberry
1.5%

You're not logged in!

Compare scores with friends on all Sporcle quizzes.
OR
Log In

Show Comments

Extras

Created Oct 22, 2010ReportNominate
Tags:icarly, Nickelodeon

Top Quizzes Today


Score Distribution

Your Account Isn't Verified!

In order to create a playlist on Sporcle, you need to verify the email address you used during registration. Go to your Sporcle Settings to finish the process.

Report this User

Report this user for behavior that violates our Community Guidelines.

Details: